A TESCO-GLOBAL Zrt. automatikus raktárirányítása
| Szerző: | |
|---|---|
| További közreműködők: | |
| Dokumentumtípus: | Projektmunka |
| Kulcsszavak: | árufuvarozás logisztika multinacionális stratégia multinacionális vállalatok raktározás |
| Online Access: | http://dolgozattar.uni-bge.hu/60097 |
MARC
| LEADER | 00000nnm a2200000 i 4500 | ||
|---|---|---|---|
| 001 | dolg60097 | ||
| 005 | 20260409150003.0 | ||
| 008 | 260409suuuu hu o 000 hun d | ||
| 040 | |a BGE Dolgozattár Repozitórium |b hun | ||
| 041 | |a hu | ||
| 100 | 1 | |a Borgula Ramóna | |
| 245 | 1 | 2 | |a A TESCO-GLOBAL Zrt. automatikus raktárirányítása |c Borgula Ramóna |h [elektronikus dokumentum] |
| 516 | |a Project_work | ||
| 520 | 3 | |a A Tesco egyik összetett és szerteágazó folyamatába nyerhettünk betekintést. Hogyan kerülnek az új termékek a választékba, mely osztályok felelősek értük, hogyan lehet egyszerűen csak frissíteni a választékot vagy akár nagyobb változást megvalósítani. Bővebben ejtettem szót arról, hogy ezek a folyamatok hogyan zajlanak a kihelyezési osztályon. Az új Szigetszentmiklóson található raktárról ejtettünk pár szót, milyen új modern tervezések alapján jött létre. Majd részletesebben elemeztem a az új raktár felépítését. Az áruk beszerzése a beszerzésen kezdődik a beszállítókkal kötött egyesség alapján. A logisztikai központba való szállítást és átvételezés következett. Az átvételezés után kell a minőségellenőrzést végrehajtani, amit a minőségellenőr csapat végez el különböző eljárásokkal. A termékeket elhelyezik a számukra kijelölt friss- vagy szárazárus termekbe, ahol szinte alig van szükség a tárolásukra, inkább szétosztásról beszélhetünk.. | |
| 695 | |a árufuvarozás | ||
| 695 | |a logisztika | ||
| 695 | |a multinacionális stratégia | ||
| 695 | |a multinacionális vállalatok | ||
| 695 | |a raktározás | ||
| 700 | 1 | |a Lipák Mária |e ths | |
| 856 | 4 | 0 | |u http://dolgozattar.uni-bge.hu/60097/1/A%20TESCO-GLOBAL%20Zrt.%20automatikus%20rakt%C3%A1rir%C3%A1ny%C3%ADt%C3%A1sa.PDF.pdf |z Dokumentum-elérés |
| 856 | 4 | 0 | |u http://dolgozattar.uni-bge.hu/60097/2/Titkos%C3%ADt%C3%A1si%20k%C3%A9relem%2C%20pecs%C3%A9telt.pdf |z Dokumentum-elérés |
| 856 | 4 | 0 | |u http://dolgozattar.uni-bge.hu/60097/3/BorgulaBir.pdf |z Dokumentum-elérés |